|
|
|
|
| LEADER |
00884nam a2200301 4500 |
| 001 |
DLU040028041 |
| 040 |
# |
# |
|a DLU
|b vie
|
| 041 |
# |
# |
|a vie
|
| 044 |
# |
# |
|a vn
|
| 082 |
# |
# |
|a 900
|b DA-Q
|
| 100 |
# |
# |
|a Đặng Thị Quỳnh
|
| 245 |
# |
# |
|a Lịch sử giáo dục Đà Lạt từ khi thành lập thành phố đến nay /
|c Đặng Thị Quỳnh
|
| 260 |
# |
# |
|a Đà Lạt :
|b Trường Đại học Đà Lạt,
|c 2003
|
| 300 |
# |
# |
|a 105 tr. ;
|c 30 cm
|
| 504 |
# |
# |
|a Tài liệu tham khảo : tr. 103 - 104
|
| 653 |
# |
# |
|a Đà Lạt
|
| 653 |
# |
# |
|a Giáo dục
|
| 700 |
# |
# |
|a Nguyễn Gia Phu
|e hướng dẫn
|
| 915 |
# |
# |
|a Lịch sử.
|b CH00077,
|c Thạc sĩ.
|d Trường Đại học Đà Lạt
|
| 992 |
# |
# |
|a 0
|
| 994 |
# |
# |
|a DLU
|
| 900 |
# |
# |
|a True
|
| 911 |
# |
# |
|a Thái Thị Thanh Thủy
|
| 925 |
# |
# |
|a G
|
| 926 |
# |
# |
|a A
|
| 927 |
# |
# |
|a LA
|
| 980 |
# |
# |
|a Thư viện Trường Đại học Đà Lạt
|